Инженерная геодезия: лабораторный практикум
| প্রধান লেখক: | |
|---|---|
| সংস্থা লেখক: | |
| অন্যান্য লেখক: | |
| সংক্ষিপ্ত: | Заглавие с титульного экрана Лабораторный практикум предназначен для студентов дневного и заочного отделений направления 130500 "Нефтегазовое дело"специальности 130501 "Проектирование, сооружение и эксплуатация газонефтепроводов и газонефтехранилищ". Практикум составлен как приложение к учебному пособию В.М. Передерина, Н.В. Чухаревой, Н.А. Антроповой "Основы геодезии и топографии" для закрепления материала лабораторных занятий и самостоятельной работы студентов Режим доступа: из корпоративной сети ТПУ |
| ভাষা: | রুশ |
| প্রকাশিত: |
Томск, 2007
|
| বিষয়গুলি: | |
| অনলাইন ব্যবহার করুন: | http://www.lib.tpu.ru/fulltext2/m/2014/Perederin_Chukhareva/Titul.html |
| বিন্যাস: | MixedMaterials বৈদ্যুতিক গ্রন্থ |
| KOHA link: | https://koha.lib.tpu.ru/cgi-bin/koha/opac-detail.pl?biblionumber=257279 |
MARC
| LEADER | 00000nlm0a2200000 4500 | ||
|---|---|---|---|
| 001 | 257279 | ||
| 005 | 20240111102440.0 | ||
| 035 | |a (RuTPU)RU\TPU\book\280069 | ||
| 090 | |a 257279 | ||
| 100 | |a 20140415d2007 m y0rusy50 ca | ||
| 101 | 0 | |a rus | |
| 102 | |a RU | ||
| 105 | |a a j 001zy | ||
| 135 | |a jrcna---uucaa | ||
| 181 | 0 | |a i | |
| 182 | 0 | |a b | |
| 200 | 1 | |a Инженерная геодезия |e лабораторный практикум |f В. М. Передерин, Н. В. Чухарева |g Томский политехнический университет (ТПУ), Институт геологии и нефтегазового дела (ИГНД) | |
| 203 | |a Текст |c электронный | ||
| 210 | |a Томск |d 2007 | ||
| 300 | |a Заглавие с титульного экрана | ||
| 330 | |a Лабораторный практикум предназначен для студентов дневного и заочного отделений направления 130500 "Нефтегазовое дело"специальности 130501 "Проектирование, сооружение и эксплуатация газонефтепроводов и газонефтехранилищ". Практикум составлен как приложение к учебному пособию В.М. Передерина, Н.В. Чухаревой, Н.А. Антроповой "Основы геодезии и топографии" для закрепления материала лабораторных занятий и самостоятельной работы студентов | ||
| 333 | |a Режим доступа: из корпоративной сети ТПУ | ||
| 606 | 1 | |a Инженерная геодезия |2 stltpush |3 (RuTPU)RU\TPU\subj\12569 |9 39332 | |
| 610 | 1 | |a электронный ресурс | |
| 610 | 1 | |a труды учёных ТПУ | |
| 610 | 1 | |a электронные учебные пособия | |
| 610 | 1 | |a лабораторные работы | |
| 610 | 1 | |a топографические карты | |
| 610 | 1 | |a топографические планы | |
| 610 | 1 | |a условные знаки | |
| 610 | 1 | |a масштабы | |
| 610 | 1 | |a линейные измерения | |
| 610 | 1 | |a координаты | |
| 610 | 1 | |a система координат Гаусса-Крюгера | |
| 610 | 1 | |a географическая система координат | |
| 675 | |a 528.48(076.5) |v 3 | ||
| 700 | 1 | |a Передерин |b В. М. |c российский геолог |c доцент Томского политехнического университета, кандидат геолого-минералогических наук |f 1938- |g Велиор Митрофанович |3 (RuTPU)RU\TPU\pers\26141 | |
| 701 | 1 | |a Чухарева |b Н. В. |c специалист в области нефтегазового дела |c доцент Томского политехнического университета, кандидат химических наук |f 1967- |g Наталья Вячеславовна |3 (RuTPU)RU\TPU\pers\26133 |9 11962 | |
| 712 | 0 | 2 | |a Томский политехнический университет (ТПУ) |b Институт геологии и нефтегазового дела (ИГНД) |3 (RuTPU)RU\TPU\col\601 |
| 801 | 2 | |a RU |b 63413507 |c 20140415 |g RCR | |
| 856 | 4 | |u http://www.lib.tpu.ru/fulltext2/m/2014/Perederin_Chukhareva/Titul.html | |
| 942 | |c CF | ||